Najdroższe transfery Manchesteru City w historii. - Statystyki

Ogólne statystyki
  • Ten quiz został rozwiązany 377 razy
  • Średni wynik to 8 z 10
Statystyki odpowiedzi
Sezon Cena Kraj Poprzedni klub Piłkarz % Poprawnych
15/16 76 mln Belgia Wolfsburg De Bruyne
98%
18/19 68 mln Algieria Leicester Mahrez
95%
19/20 65 mln Portugalia Juventus Cancelo
86%
20/21 68 mln Portugalia Benfica Dias
83%
17/18 65 mln Hiszpania/Francja Athletic Bilbao Laporte
81%
15/16 64 mln Anglia Liverpool Sterling
79%
19/20 63 mln Hiszpania Atletico Madryt Rodri
75%
17/18 53 mln Anglia Tottenham Walker
75%
17/18 58 mln Francja Monaco Mendy
61%
16/17 56 mln Anglia Everton Stones
58%
Nie znaleziono quizów pasujących do podanych kryteriów
Rozkład punktacji
Procent ludzi z każdym wynikiem
Percentyl według liczby udzielonych odpowiedzi
Twoja historia wyników
Nie rozwiązałeś tego quizu